Seven Sillies / (Record no. 113772)
[ view plain ]
| 000 -LEADER | |
|---|---|
| fixed length control field | 00410nam a2200169 a 4500 |
| 001 - CONTROL NUMBER | |
| control field | 0646 |
| 005 - DATE AND TIME OF LATEST TRANSACTION | |
| control field | 20140414132038.0 |
| 008 - FIXED-LENGTH DATA ELEMENTS--GENERAL INFORMATION | |
| fixed length control field | 040202s19uu xx 00 eng d |
| 020 ## - INTERNATIONAL STANDARD BOOK NUMBER | |
| International Standard Book Number | 0-307-17504-9 |
| 050 ## - LIBRARY OF CONGRESS CALL NUMBER | |
| Classification number | TR |
| Item number | SE1 1994 |
| 100 ## - MAIN ENTRY--PERSONAL NAME | |
| Personal name | Dunbar, Joyce |
| 245 ## - TITLE STATEMENT | |
| Title | Seven Sillies / |
| Statement of responsibility, etc | Joyce Dunbar. |
| 260 ## - PUBLICATION, DISTRIBUTION, ETC. (IMPRINT) | |
| Place of publication, distribution, etc | New York : |
| Name of publisher, distributor, etc | Golden Books, |
| Date of publication, distribution, etc | 1994. |
| 300 ## - PHYSICAL DESCRIPTION | |
| Extent | p. ; cm. |
| 500 ## - GENERAL NOTE | |
| General note | TR/PS |
| Withdrawn status | Lost status | Damaged status | Use restrictions | Home library | Current library | Shelving location | Date acquired | Source of acquisition | Total Checkouts | Full call number | Barcode | Date last seen | Price effective from | Koha item type |
|---|---|---|---|---|---|---|---|---|---|---|---|---|---|---|
| Munich Library | Munich Library | Teachers Reference Section | 02/02/2004 | TR SE1 1994 | M5407 | 04/14/2014 | 04/14/2014 | Books |